000
00221nam a22000857a 4500
008
170526b xxu||||| |||| 00| 0 eng d
100
_9
3131
_a
Mattel
245
_a
Barlie and the egypt
260
_a
Mumbai
_b
Egmont Publication
_c
1998
999
_c
6422
_d
6422